| Поле | Инд. | ПП | Название | Значение |
|---|---|---|---|---|
| Тип записи | a | |||
| Библиографический уровень | m | |||
| 001 | Контрольный номер | 332b5e7994f040d39479e33a853b01e3 | ||
| 005 | Дата корректировки | 20181029120810.6 | ||
| 020 | a | ISBN | 978-5-8114-1414-7 | |
| 040 | a | Служба первич. каталог. | НБ ТвГУ | |
| b | Код языка каталог. | rus | ||
| e | Правила каталог. | PSBO | ||
| 041 | 0_ | a | Код языка текста | rus |
| 080 | a | Индекс УДК | 519.1(075.8) | |
| 084 | a | Индекс другой классификации/Индекс ББК | В174я73-1 | |
| 090 | a | Полочн. индекс | В174 | |
| x | Авторский знак | М 19 | ||
| 097 | b | Оператор | mimoza | |
| 100 | 1_ | a | Автор | Малоземов Василий Николаевич |
| q | Полное имя | Малоземов В. Н. | ||
| 245 | 10 | a | Заглавие | Основы дискретного гармонического анализа |
| b | Продолж. заглавия | учебное пособие | ||
| 260 | c | Дата издания | 2012 | |
| a | Место издания | Санкт-Петербург [и др.] | ||
| b | Издательство | Лань | ||
| 300 | a | Объем | 301 с. | |
| b | Иллюстрации/ тип воспроизводства | ил. | ||
| 504 | a | Библиография | Библиогр.: с. 293-298. - Предм. указ.: с. 299-301 | |
| 520 | 0_ | a | Аннотация | Дискретный гармонический анализ - это математическая дисциплина, ориентированная на прикладные задачи цифровой обработки сигналов. Основными приемами цифровой обработки сигналов являются разложение сигнала по различным базисам и анализ свойств коэффициентов таких разложений. Данная книга предназначена для первоначального знакомства с предметом. В ней изучаются быстрое преобразование Фурье, быстрое преобразование Уолша, быстрое преобразование Хаара, базисы Ахмеда-Рао, вейвлетные базисы. Отдельная глава посвящена дискретным периодическим сплайнам и их применению к оптимальной интерполяции и сглаживанию сигналов. Книга содержит большое количество дополнительных задач (с решениями), которые помогут активно освоить материал. Для студентов математических специальностей и направлений и специалистов в области цифровой обработки сигналов. |
| 653 | 0_ | a | Ключевые слова | Цифровая обработка сигналов |
| a | Ключевые слова | Теория обработки сигналов | ||
| a | Ключевые слова | Гармонический анализ | ||
| a | Ключевые слова | Учебники для вузов | ||
| a | Ключевые слова | Дискретный гармонический анализ | ||
| a | Ключевые слова | Быстрые алгоритмы дискретных преобразований | ||
| a | Ключевые слова | Преобразование сигналов | ||
| a | Ключевые слова | Сплайновые подпространства | ||
| a | Ключевые слова | Задачи (мат.) | ||
| 700 | 12 | a | Другие авторы | Машарский Сергей Михайлович |
| q | Полное имя | Машарский С. М. | ||
| 901 | t | Тип документа | m | |
| 920 | a | Оператор | Семен | |
| a | Оператор | Суха | ||
| a | Оператор | Стро | ||
| 930 | a | Новая/Ретро | новая | |
| 952 | c | Вид литературы | К ру | |
| 954 | b | Дата поступления в ОК | 20180911 | |
| a | Дата поступления на обработку | 20180921 | ||
| c | Дата окончания ОНО | 20181029 |